| 000 | 01315nam a2200265 a 4500 | ||
|---|---|---|---|
| 008 | 120416s1990 ||||||||||||||||| || u | ||
| 020 | _a025607836x | ||
| 050 | _aQA 76.5 Hut | ||
| 100 | _aHutchinson, Sarah E | ||
| 245 | 1 | 0 | _aComputers: the user perspective. (2nd ed.) |
| 250 | _a2nd ed. | ||
| 260 |
_aHomewood, Ill.: _bIrwin _c1990 |
||
| 300 | _axxix, 729p.: ill. | ||
| 350 | _a0.00 | ||
| 500 | _aRev. ed. of: Computers / Warren D. Stallings. 1988. | ||
| 650 | _aCOMPUTERS | ||
| 650 | _aMICROCOMPUTERS | ||
| 700 | _aSawyer, Stacey C | ||
| 700 | _aStallings, Warren D | ||
| 995 |
_aSHORT LOAN BOOKS _D0.00 _e725649 _FCBU-MAIN LIBRARY (Kitwe) _H4 _I29.95 _jQA 76.5 HUT _M1 _UAVAILABLE _y012639 _ZShort Loan Collection |
||
| 995 |
_aANNEX COLLECTION (Main Library) _D0.00 _e725650 _FCBU-MAIN LIBRARY (Kitwe) _H3 _I29.95 _jQA 76.5 Hut _M4 _UAVAILABLE _y012638 _ZAnnex Low-Usage Collection |
||
| 995 |
_aSHORT LOAN BOOKS _D0.00 _e725648 _FCBU-MAIN LIBRARY (Kitwe) _H2 _I29.95 _jQA 76.5 Hut _M3 _UAVAILABLE _y007137 _ZShort Loan Collection |
||
| 995 |
_aSHORT LOAN BOOKS _D0.00 _e723763 _FCBU-MAIN LIBRARY (Kitwe) _H5 _I29.95 _jQA 76.5 Hut _M5 _UAVAILABLE _y008100 _ZShort Loan Collection |
||
| 995 |
_aBINDERY (DAMAGED) _D0.00 _e725651 _FCBU-MAIN LIBRARY (Kitwe) _H1 _I29.95 _jQA 76.5 Hut _M2 _UDAMAGED _y020939 _ZMain Library Open Access Collection |
||
| 999 |
_c79706 _d79706 |
||